000 00964nam a2200241Ia 4500
999 _c34727
_d34727
001 514
003 GE_BSU
005 20200127161102.0
008 181216s2010||||ge |||||||||||||| ||geo||
040 _cGE_BSU
041 _ageo
080 _a347.22 ლ-63
100 _aჭეჭელაშვილი, ზურაბ
_96408
245 _aსანივთო სამართალი :
_b(შედარებით-სამართლებრივი კვლევა) /
_cზურაბ ჭეჭელაშვილი.
250 _aმე-2 გადამუშ. გამოცემა
264 _aთბილისი :
_b[ბონა კაუზა],
_c2010.
300 _a452 გვ.;
_b20 სმ.
504 _aბიბლიოგრ. ტექსტ. შენიშვნ.
541 _h20 ლ.
653 _aსამართალი
653 _aსანივთო სამართალი
942 _cBK
_2udc